| 000 | 01338nam0a2200325 i 4500 | ||
|---|---|---|---|
| 001 | RU\NLR\BIBL_A\010977823 | ||
| 005 | 20240726222158.0 | ||
| 010 |
_a9785904062934 _9400 |
||
| 021 |
_aRU _b2016-3392 _9205 |
||
| 035 | _a(NILC)RuMoRGB-008122432 | ||
| 035 | _a(NLR Aleph) 010977823 | ||
| 090 |
_a10854392 _c10854392 |
||
| 100 | _a20160209d2015 um y0rusy50 ca | ||
| 101 | 0 | _arus | |
| 102 | _aRU | ||
| 105 | _aach|z|||000gy | ||
| 200 | 1 |
_aРодом из детства _e[стихи] _fЕвгений Росляков |
|
| 210 |
_aВеликий Новгород _c[б. и.] _d2015 |
||
| 215 |
_a367 с. _cил., цв. ил., портр., факс. _d22 |
||
| 327 | 1 | _aСодерж.: циклы: Родом из детства; Деревня моя; Любовь нечаянно нагрянет; Если б знали вы, как мне дороги...; Зов природы; Там, за перевалом; Холодок чужбины; Быль или небыль?; И немного обо мне | |
| 333 | _a16+ | ||
| 675 | _a821.161.1 | ||
| 686 | 2 | _aШ6(2=Р)8-5 | |
| 700 | 1 |
_aРосляков _bЕ. А. _gЕвгений Александрович |
|
| 801 | 0 |
_aRU _bРГБ _c20160122 _gRCR |
|
| 942 | _cBOOK | ||
| 980 | _aNBR | ||